000 00713nam a2200229 a 4500
001 49160
003 BD-RjUL
005 20211209054637.0
008 160818s1976 b ||||| |||| 00| 0 eng d
020 _c : Tk.8.00
035 _a(BD-RjUL)49279
040 _aBD-RjUL
_bben
_cBD-RjUL
041 _aben
082 _223
_a891.441
_bHAS 1976
100 1 _aহাবীব, আহসান
_9122988
245 1 0 _aসারা দুপুর /
_cআহসান হাবীব
260 _aঢাকা :
_bমুক্তধারা,
_c১৯৭৬
300 _a৬৪ পৃ ;
_c২২ সেমি
650 _aবাংলা কবিতা
_9147799
650 _aBangali Poetry
_9147800
942 _2ddc
_cBK
999 _c49160
_d49160